Masterworks of Louis Comfort Tiffany (Record no. 762)

MARC details
000 -CABECERA
campo de control de longitud fija 00982nam a2200253 a 4500
001 - NÚMERO DE CONTROL
campo de control BRCA_867
005 - FECHA Y HORA DE LA ÚLTIMA TRANSACCIÓN
campo de control 20190320203202.0
008 - DATOS DE LONGITUD FIJA--INFORMACIÓN GENERAL
campo de control de longitud fija 890222s1989 nyua---##c---#001-0#eng-u
020 ## - NÚMERO INTERNACIONAL ESTÁNDAR DEL LIBRO
Número Internacional Estándar del Libro 0500235570
040 ## - FUENTE DE LA CATALOGACIÓN
Centro catalogador/agencia de origen DLC
Centro/agencia transcriptor DLC
Centro/agencia modificador DLC
050 #4 - SIGNATURA TOPOGRÁFICA DE LA BIBLIOTECA DEL CONGRESO
Número de clasificación NK7398.T5
Número de documento/Ítem .D86 1989
100 1# - ENTRADA PRINCIPAL--NOMBRE DE PERSONA
Nombre de persona Duncan, Alastair
Fechas asociadas al nombre 1942-
9 (RLIN) 2285
245 10 - MENCIÓN DE TÍTULO
Título Masterworks of Louis Comfort Tiffany
Mención de responsabilidad, etc. Alastair Duncan, Martin Eidelberg, Neil Harris.
260 ## - PUBLICACIÓN, DISTRIBUCIÓN, ETC.
Lugar de publicación, distribución, etc. Londres
Nombre del editor, distribuidor, etc. Thames and Hudson
Fecha de publicación, distribución, etc. 1989
300 ## - DESCRIPCIÓN FÍSICA
Extensión 160 p.
Otras características físicas il. (algunas a color)
Dimensiones 30 cm.
500 ## - NOTA GENERAL
Nota general Incluye índice de ilustraciones
500 ## - NOTA GENERAL
Nota general Catálogo de la exposición realizada en la Galería de Renwick (Washington, C.C.) octubre, 1989 y en el Museo Metropolitano del Arte (Nueva York), 1990
600 14 - PUNTO DE ACCESO ADICIONAL DE MATERIA--NOMBRE DE PERSONA
Nombre de persona Tiffany, Louis Comfort
Fechas asociadas al nombre 1848-1933
Subdivisión de forma Exposiciones
9 (RLIN) 2891
650 14 - PUNTO DE ACCESO ADICIONAL DE MATERIA--TÉRMINO DE MATERIA
Término de materia o nombre geográfico como elemento de entrada Joyería
9 (RLIN) 2729
700 1# - PUNTO DE ACCESO ADICIONAL--NOMBRE DE PERSONA
Nombre de persona Tiffany, Louis Comfort
Fechas asociadas al nombre 1848-1933
9 (RLIN) 2892
700 1# - PUNTO DE ACCESO ADICIONAL--NOMBRE DE PERSONA
Nombre de persona Eidelberg, Martin P
9 (RLIN) 2893
700 1# - PUNTO DE ACCESO ADICIONAL--NOMBRE DE PERSONA
Nombre de persona Harris, Neil
Fechas asociadas al nombre 1938-
9 (RLIN) 2894
942 ## - ELEMENTOS DE PUNTO DE ACCESO ADICIONAL (KOHA)
Fuente del sistema de clasificación o colocación Library of Congress Classification
Tipo de ítem Koha Libros
Holdings
Estado de retiro Estado de pérdida Estado dañado No para préstamo Localización permanente Ubicación/localización actual Fecha de adquisición Total de préstamos Signatura topográfica completa Código de barras Fecha visto por última vez Precio válido a partir de Tipo de ítem Koha
El ejemplar forma parte de la colección y puede ser consultado según las políticas vigentes.       Biblioteca del Museo Franz Mayer (Rogerio Casas-Alatriste) Biblioteca del Museo Franz Mayer (Rogerio Casas-Alatriste) 26/06/2008   NK7398.T5 .D86 1989 01341 22/03/2019 22/03/2019 Libros